[Event "La Vega op 3rd"]
[Site "La Vega"]
[Date "2019.08.20"]
[Round "1"]
[White "Ruiz Castillo, Joshua Daniel"]
[Black "Novas Gomez, Mario de Jesus"]
[Result "1-0"]
[WhiteElo "2482"]
[BlackElo "1852"]
[PlyCount "71"]
[EventDate "2019.08.20"]
[EventType "swiss"]
[EventRounds "9"]
[EventCountry "DOM"]
[SourceTitle "EXT 2020"]
[Source "ChessBase"]
[SourceDate "2019.10.17"]
[SourceVersion "1"]
[SourceVersionDate "2019.10.17"]
[SourceQuality "1"]

1. Nf3 d5 2. g3 Nf6 3. Bg2 e6 4. 0-0 c5 5. c4 Be7 6. cxd5 exd5 7. d4 c4 8. b3 cxb3 9. Qxb3 0-0 10. Nc3 Nc6 11. Bg5 Ne4 12. Bxe7 Nxe7 13. Rfd1 Nxc3 14. Qxc3 Bg4 15. Qb2 b6 16. Ne5 Be6 17. Qa3 Ng6 18. Rac1 Re8 19. e3 Qe7 20. Qb3 Qb7 21. Nd3 Qd7 22. a4 Rac8 23. a5 Qd6 24. axb6 axb6 25. Rb1 Rc6 26. Nb4 Rc4 27. e4 dxe4 28. d5 Rxb4 29. Qxb4 Qxb4 30. Rxb4 Bg4 31. Re1 f5 32. f3 Bh5 33. fxe4 Ne5 34. exf5 Nf3+ 35. Bxf3 Rxe1+ 36. Kf2 1-0

[Event "DOM-ch U20"]
[Site "Santo Domingo"]
[Date "2018.11.05"]
[Round "8"]
[White "Araujo Sanchez, Josue"]
[Black "Novas Gomez, Mario de Jesus"]
[Result "0-1"]
[WhiteElo "2122"]
[BlackElo "1826"]
[PlyCount "58"]
[EventDate "2018.11.02"]
[EventType "swiss"]
[EventRounds "8"]
[EventCountry "DOM"]
[SourceTitle "EXT 2021"]
[Source "ChessBase"]
[SourceDate "2020.10.23"]
[SourceVersion "1"]
[SourceVersionDate "2020.10.23"]
[SourceQuality "1"]

1. d4 Nf6 2. Bg5 e6 3. e3 Be7 4. Bd3 c5 5. c3 cxd4 6. exd4 Qa5 7. f4 Nc6 8. Nf3 0-0 9. 0-0 h6 10. Bh4 Nd5 11. Bxe7 Ncxe7 12. Qd2 f5 13. Na3 Qc7 14. g3 a6 15. c4 Nf6 16. c5 Ned5 17. Nc4 b6 18. b4 Kh7 19. Rac1 b5 20. Nd6 Ne8 21. Nxe8 Rxe8 22. Ne5 Bb7 23. g4 g6 24. Rf3 Nxb4 25. Qxb4 Bxf3 26. Nxf3 Qxf4 27. Rf1 Qe3+ 28. Rf2 Qxd3 29. Ne5 Qe4 0-1

[Event "Santo Domingo op11"]
[Site "Santo Domingo"]
[Date "2017.11.19"]
[Round "4"]
[White "Franco Rodriguez, Andres Avelino"]
[Black "Novas Gomez, Mario de Jesus"]
[Result "1-0"]
[WhiteElo "2043"]
[BlackElo "1720"]
[PlyCount "56"]
[EventDate "2017.11.17"]
[EventType "swiss"]
[EventRounds "8"]
[EventCountry "DOM"]
[SourceTitle "CBM 181 Extra"]
[Source "ChessBase"]
[SourceDate "2017.12.12"]
[SourceVersion "1"]
[SourceVersionDate "2017.12.12"]
[SourceQuality "1"]

1. e4 e5 2. Nf3 Nc6 3. d4 exd4 4. Nxd4 Bc5 5. Be3 Qf6 6. c3 Nge7 7. Qd2 0-0 8. f4 d6 9. Be2 h6 10. h4 Qg6 11. Bf3 f5 12. e5 Bb6 13. h5 Qf7 14. exd6 cxd6 15. Na3 Be6 16. Nxe6 Qxe6 17. Nc2 Rad8 18. b3 d5 19. 0-0-0 d4 20. Nxd4 Nxd4 21. Bxd4 Nc6 22. Qf2 Qd6 23. Kb1 Bxd4 24. Qf1 Kh8 25. g3 Qa3 26. Rh2 a5 27. Qc4 Bf6 28. Rc1 Rd4 1-0

[Event "Santo Domingo Gesta Catorce op"]
[Site "Santo Domingo"]
[Date "2016.07.02"]
[Round "6"]
[White "Menendez Mendez, Ariel"]
[Black "Novas Gomez, Mario de Jesus"]
[Result "1/2-1/2"]
[WhiteElo "1954"]
[BlackElo "1700"]
[PlyCount "98"]
[EventDate "2016.06.24"]
[EventType "swiss"]
[EventRounds "8"]
[EventCountry "DOM"]
[SourceTitle "EXT 2017"]
[Source "ChessBase"]
[SourceDate "2016.10.25"]
[SourceVersion "1"]
[SourceVersionDate "2016.10.25"]
[SourceQuality "1"]

1. e4 e6 2. d4 d5 3. Nc3 dxe4 4. Nxe4 Nc6 5. Nf3 Be7 6. c3 Nf6 7. Ng3 0-0 8. Bd3 b6 9. Qe2 Bb7 10. 0-0 Qd7 11. Rd1 Rfe8 12. Bb5 a6 13. Ne5 Qd6 14. Nxc6 Bxc6 15. Bxa6 Qd5 16. f3 Rxa6 17. Qxa6 Bb5 18. c4 Bxc4 19. Qa4 Ra8 20. Qc2 Bb3 21. axb3 Rxa1 22. Qxc7 Qxb3 23. Qc8+ Bf8 24. Rf1 Nd5 25. Kh1 Qd3 26. h3 Ne3 27. Bxe3 Rxf1+ 28. Nxf1 Qxf1+ 29. Kh2 Qb5 30. Bf4 Qb4 31. Be5 h6 32. b3 Kh7 33. Qc2+ g6 34. Qc4 b5 35. Qc7 Be7 36. Qd7 Kg8 37. Qe8+ Bf8 38. Bf4 Qxd4 39. Bxh6 Qe5+ 40. f4 Qd6 41. Bxf8 Qxf4+ 42. Kg1 Qe3+ 43. Kf1 Qc1+ 44. Ke2 Qc2+ 45. Kf3 Qxb3+ 46. Kf4 Qc4+ 47. Kg3 Qc3+ 48. Kg4 Qd4+ 49. Kg3 Qe3+ 1/2-1/2

[Event "Santo Domingo Gesta Catorce op"]
[Site "Santo Domingo"]
[Date "2016.07.02"]
[Round "7"]
[White "Novas Gomez, Mario de Jesus"]
[Black "Ortiz, Junior Renato"]
[Result "1-0"]
[WhiteElo "1700"]
[BlackElo "1800"]
[PlyCount "101"]
[EventDate "2016.06.24"]
[EventType "swiss"]
[EventRounds "8"]
[EventCountry "DOM"]
[SourceTitle "EXT 2017"]
[Source "ChessBase"]
[SourceDate "2016.10.25"]
[SourceVersion "1"]
[SourceVersionDate "2016.10.25"]
[SourceQuality "1"]

1. e4 c5 2. Nf3 Nc6 3. d4 cxd4 4. Nxd4 e5 5. Nb3 Nf6 6. Nc3 Bb4 7. Bd3 d5 8. 0-0 Bxc3 9. exd5 Nxd5 10. bxc3 Nxc3 11. Qf3 Qf6 12. Qg3 e4 13. Bg5 exd3 14. Rfe1+ Ne2+ 15. Rxe2+ dxe2 16. Bxf6 gxf6 17. Qe3+ Be6 18. Qxe2 0-0-0 19. Nc5 Bd5 20. Rb1 b6 21. Qa6+ Kc7 22. Nd3 Rhg8 23. g3 Kb8 24. Nb4 Nxb4 25. Rxb4 Bb7 26. Qf1 Rge8 27. Rb1 Rd2 28. Rd1 Rxc2 29. Qd3 Ree2 30. Qd6+ Ka8 31. Qd8+ Bc8 32. Qxf6 Be6 33. Qf3+ Kb8 34. a3 a5 35. Rb1 Ka7 36. Rd1 Rxf2 37. Qxf2 Rxf2 38. Kxf2 Ka6 39. Rb1 b5 40. Ke3 Kb6 41. Kd4 Kc6 42. Rb2 Bf5 43. Rf2 Bg6 44. Rf6+ Kd7 45. Kc5 b4 46. a4 Bc2 47. Rxf7+ Kc8 48. Kc4 h5 49. Ra7 Bxa4 50. Rxa5 b3 51. Rxa4 1-0

[Event "Santo Domingo Regional-ch"]
[Site "Santo Domingo"]
[Date "2016.03.18"]
[Round "5"]
[White "Novas Gomez, Mario de Jesus"]
[Black "Marquez Moya, Eddy"]
[Result "0-1"]
[WhiteElo "1658"]
[BlackElo "2028"]
[PlyCount "68"]
[EventDate "2016.03.11"]
[EventType "swiss"]
[EventRounds "7"]
[EventCountry "DOM"]
[SourceTitle "EXT 2017"]
[Source "ChessBase"]
[SourceDate "2016.10.25"]
[SourceVersion "1"]
[SourceVersionDate "2016.10.25"]
[SourceQuality "1"]

1. e4 c5 2. Nc3 e6 3. f4 a6 4. a4 Nc6 5. Nf3 Be7 6. Bc4 d6 7. d3 Nf6 8. e5 dxe5 9. fxe5 Nd5 10. Ne4 0-0 11. 0-0 Qc7 12. Bxd5 exd5 13. Nf6+ gxf6 14. exf6 Bxf6 15. Ng5 Bd4+ 16. Kh1 f6 17. Qf3 Ne7 18. Bd2 Bf5 19. Bf4 Qd7 20. Rae1 fxg5 21. Bxg5 Ng6 22. Bh6 Rf7 23. Qg3 Bg7 24. Bd2 Re8 25. h4 Rxe1 26. Rxe1 h5 27. Qg5 Qxa4 28. Qd8+ Kh7 29. Qxd5 Qxh4+ 30. Kg1 Bd4+ 31. Re3 Rf8 32. Qxb7+ Qe7 33. Qf3 Bg4 34. Qg3 Re8 0-1

[Event "Santo Domingo Regional-ch"]
[Site "Santo Domingo"]
[Date "2016.03.13"]
[Round "4"]
[White "De Los Santos Nunez, Eddy"]
[Black "Novas Gomez, Mario de Jesus"]
[Result "1-0"]
[WhiteElo "2156"]
[BlackElo "1658"]
[PlyCount "67"]
[EventDate "2016.03.11"]
[EventType "swiss"]
[EventRounds "7"]
[EventCountry "DOM"]
[SourceTitle "EXT 2017"]
[Source "ChessBase"]
[SourceDate "2016.10.25"]
[SourceVersion "1"]
[SourceVersionDate "2016.10.25"]
[SourceQuality "1"]

1. Nf3 d6 2. d4 Nf6 3. c4 g6 4. Nc3 Bg7 5. e4 Bg4 6. Be3 0-0 7. Qd2 Re8 8. 0-0-0 Nbd7 9. h3 Bxf3 10. gxf3 e5 11. d5 a5 12. Kb1 Nc5 13. h4 h5 14. Bg5 Qb8 15. Nb5 c6 16. dxc6 bxc6 17. Qxd6 Ncxe4 18. fxe4 Nxe4 19. Qxb8 Raxb8 20. Be3 cxb5 21. cxb5 f5 22. Bc4+ Kh7 23. f3 Ng3 24. Rhe1 f4 25. Bf2 Nf5 26. Rd7 Re7 27. Red1 Rb7 28. Rxe7 Rxe7 29. Bc5 Rb7 30. b6 Rb8 31. Rd7 Nxh4 32. b7 Nxf3 33. Bd6 Rxb7 34. Rxb7 1-0

[Event "Santo Domingo Duarte Memorial 5th"]
[Site "Santo Domingo"]
[Date "2016.01.10"]
[Round "4"]
[White "Almonte Almanzar, Jose Amado"]
[Black "Novas Gomez, Mario de Jesus"]
[Result "0-1"]
[WhiteElo "1869"]
[BlackElo "1640"]
[PlyCount "52"]
[EventDate "2016.01.08"]
[EventType "swiss"]
[EventRounds "8"]
[EventCountry "DOM"]
[SourceTitle "CBM 170 Extra"]
[Source "ChessBase"]
[SourceDate "2016.02.25"]
[SourceVersion "1"]
[SourceVersionDate "2016.02.25"]
[SourceQuality "1"]

1. e4 e5 2. Bc4 Bc5 3. Ne2 Nf6 4. Nbc3 d6 5. 0-0 0-0 6. d3 Nc6 7. a3 Be6 8. Nd5 h6 9. Kh1 Ng4 10. Be3 Qh4 11. h3 Bxe3 12. fxe3 Nf2+ 13. Rxf2 Qxf2 14. Nxc7 Rac8 15. Nxe6 fxe6 16. Bxe6+ Kh8 17. Bxc8 Rxc8 18. Kh2 Qxe3 19. c3 Rf8 20. Ng3 Rf2 21. Qb3 Qd2 22. Rg1 Nd8 23. Qc4 Nf7 24. Nf5 Ng5 25. Qc8+ Kh7 26. Qxb7 Nf3+ 0-1